[Event "31st Klatovy A 2025"]
[Site "Klatovy CZE"]
[Date "2025.07.01"]
[Round "4.12"]
[White "Svadlenka, Dominik"]
[Black "Langmajer, Jan"]
[Result "1-0"]
[WhiteElo "2086"]
[BlackElo "1994"]
[PlyCount "73"]
[EventDate "2025.06.28"]
[EventType "swiss"]
[EventRounds "9"]
[EventCountry "CZE"]

1. d4 {[%emt 0:00:02]} f5 {[%emt 0:00:36]} 2. Bg5 {[%emt 0:00:05]} g6 {[%emt 0:00:15]} 3. Nc3 {[%emt 0:00:04]} Bg7 {[%emt 0:00:16]} 4. e4 {[%emt 0:00:04]} fxe4 {[%emt 0:04:47]} 5. Nxe4 {[%emt 0:00:47]} Nf6 {[%emt 0:00:24]} 6. Nxf6+ {[%emt 0:00:23]} exf6 {[%emt 0:00:22]} 7. Be3 {[%emt 0:01:52]} O-O {[%emt 0:00:49]} 8. Nf3 {[%emt 0:00:49]} c6 {[%emt 0:03:17]} 9. Bd3 {[%emt 0:01:17]} d6 {[%emt 0:07:17]} 10. Qd2 {[%emt 0:03:05]} Be6 {[%emt 0:01:58]} 11. h4 {[%emt 0:10:18]} Qe8 {[%emt 0:07:53]} 12. h5 {[%emt 0:02:21]} gxh5 {[%emt 0:00:54]} 13. O-O-O {[%emt 0:08:08]} Bf7 {[%emt 0:22:46]} 14. Bf5 {[%emt 0:07:38]} Bg6 {[%emt 0:34:18]} 15. Nh4 {[%emt 0:04:54]} Qf7 {[%emt 0:09:25]} 16. Kb1 {[%emt 0:07:44]} Na6 {[%emt 0:03:41]} 17. Bf4 {[%emt 0:08:42]} Rfe8 {[%emt 0:03:43]} 18. d5 {[%emt 0:11:06]} Bxf5 {[%emt 0:04:25]} 19. Nxf5 {[%emt 0:00:17]} Qxd5 {[%emt 0:01:50]} 20. Qxd5+ {[%emt 0:02:39]} cxd5 {[%emt 0:00:05]} 21. Nxd6 {[%emt 0:00:46]} Re6 {[%emt 0:09:30]} 22. Rxh5 {[%emt 0:05:04]} b6 {[%emt 0:01:58]} 23. Rhxd5 {[%emt 0:01:19]} Nb4 {[%emt 0:03:14]} 24. R5d2 {[%emt 0:00:50]} Rd8 {[%emt 0:02:01]} 25. c3 {[%emt 0:00:55]} Nc6 {[%emt 0:00:48]} 26. Nf5 {[%emt 0:01:29]} Rxd2 {[%emt 0:01:10]} 27. Rxd2 {[%emt 0:01:29]} Bf8 {[%emt 0:00:51]} 28. Kc2 {[%emt 0:00:39]} Kf7 {[%emt 0:02:22]} 29. f3 {[%emt 0:02:00]} Re1 {[%emt 0:01:26]} 30. Nd4 {[%emt 0:06:06]} Na5 31. Re2 {[%emt 0:01:09]} Ra1 {[%emt 0:00:36]} 32. a3 {[%emt 0:00:32]} Bc5 {[%emt 0:00:42]} 33. Nb5 {[%emt 0:02:04]} Nc6 {[%emt 0:00:27]} 34. Bc1 {[%emt 0:00:57]} Bf8 {[%emt 0:00:32]} 35. b4 {[%emt 0:03:45]} a6 {[%emt 0:00:23]} 36. Nc7 {[%emt 0:00:12]} Ne5 {[%emt 0:00:29]} 37. Kb2 {[%emt 0:00:26]} 1-0

[Event "31st Klatovy A 2025"]
[Site "Klatovy CZE"]
[Date "2025.07.01"]
[Round "4.13"]
[White "Pokorny, Jiri 2007"]
[Black "Pick, Stepan"]
[Result "0-1"]
[WhiteElo "2122"]
[BlackElo "1949"]
[PlyCount "92"]
[EventDate "2025.06.28"]
[EventType "swiss"]
[EventRounds "9"]
[EventCountry "CZE"]

1. e4 {[%emt 0:00:05]} e6 {[%emt 0:00:09]} 2. d4 {[%emt 0:00:30]} d5 {[%emt 0:00:07]} 3. e5 {[%emt 0:00:18]} c5 {[%emt 0:00:07]} 4. c3 {[%emt 0:00:07]} Nc6 {[%emt 0:00:15]} 5. Nf3 {[%emt 0:00:14]} Bd7 {[%emt 0:00:17]} 6. Be2 {[%emt 0:00:38]} Rc8 {[%emt 0:00:49]} 7. O-O {[%emt 0:01:28]} cxd4 {[%emt 0:00:29]} 8. cxd4 {[%emt 0:00:28]} Nge7 {[%emt 0:00:27]} 9. Nc3 {[%emt 0:06:54]} Nf5 {[%emt 0:01:04]} 10. g4 {[%emt 0:00:38]} Nh4 {[%emt 0:03:26]} 11. Be3 {[%emt 0:05:31]} Nxf3+ {[%emt 0:02:22]} 12. Bxf3 {[%emt 0:00:10]} Be7 {[%emt 0:02:30]} 13. Qd2 {[%emt 0:00:39]} O-O {[%emt 0:18:30]} 14. g5 {[%emt 0:09:42]} Kh8 {[%emt 0:01:17]} 15. Be2 {[%emt 0:16:12]} f5 {[%emt 0:04:37]} 16. f4 {[%emt 0:04:48]} Na5 {[%emt 0:01:09]} 17. Rf3 {[%emt 0:19:59]} Nc4 {[%emt 0:00:35]} 18. Qe1 {[%emt 0:02:25]} Be8 {[%emt 0:02:43]} 19. Bc1 {[%emt 0:22:12]} Bh5 {[%emt 0:19:36]} 20. Rh3 {[%emt 0:01:19]} Bg6 {[%emt 0:02:04]} 21. Bh5 {[%emt 0:03:06]} Kg8 {[%emt 0:00:40]} 22. Be2 {[%emt 0:02:21]} Bb4 {[%emt 0:05:21]} 23. a3 {[%emt 0:01:11]} Ba5 {[%emt 0:02:50]} 24. b3 {[%emt 0:02:01]} Bxc3 {[%emt 0:00:43]} 25. Rxc3 {[%emt 0:00:11]} Nb6 {[%emt 0:01:19]} 26. Bb2 {[%emt 0:00:57]} Rxc3 {[%emt 0:03:10]} 27. Bxc3 {[%emt 0:01:01]} Qc7 {[%emt 0:02:18]} 28. Rc1 {[%emt 0:00:41]} Rc8 {[%emt 0:00:40]} 29. Bd2 {[%emt 0:00:43]} Qd8 {[%emt 0:02:45]} 30. Bb4 {[%emt 0:01:25]} Nd7 {[%emt 0:02:10]} 31. Bd6 {[%emt 0:00:58]} Be8 {[%emt 0:01:01]} 32. Rc3 {[%emt 0:02:31]} Nb8 {[%emt 0:05:40]} 33. h4 {[%emt 0:05:28]} Rxc3 {[%emt 0:01:30]} 34. Qxc3 {[%emt 0:00:09]} Nc6 {[%emt 0:00:57]} 35. Kf2 {[%emt 0:01:17]} a6 {[%emt 0:01:16]} 36. Qc5 {[%emt 0:01:53]} Qa5 {[%emt 0:01:49]} 37. Qc1 {[%emt 0:04:34]} Qb6 {[%emt 0:02:38]} 38. Qc5 {[%emt 0:09:21]} Qxb3 {[%emt 0:01:39]} 39. Bc7 {[%emt 0:00:40]} Qh3 {[%emt 0:01:50]} 40. Qd6 {[%emt 0:01:51]} Qxh4+ {[%emt 0:00:34]} 41. Ke3 {[%emt 0:01:00]} Qg3+ {[%emt 0:01:26]} 42. Bf3 {[%emt 0:01:15]} Qg1+ {[%emt 0:00:46]} 43. Kd3 {[%emt 0:00:56]} Qxd4+ {[%emt 0:00:27]} 44. Ke2 {[%emt 0:00:53]} Qb2+ {[%emt 0:01:04]} 45. Kf1 {[%emt 0:00:21]} Nd4 {[%emt 0:09:01]} 46. Qe7 {[%emt 0:01:58]} Bb5+ {[%emt 0:00:48]} 0-1

[Event "31st Klatovy A 2025"]
[Site "Klatovy CZE"]
[Date "2025.07.01"]
[Round "4.14"]
[White "Kupsa, Matej 2001"]
[Black "Bara, Jan"]
[Result "1-0"]
[WhiteElo "2100"]
[BlackElo "1964"]
[PlyCount "44"]
[EventDate "2025.06.28"]
[EventType "swiss"]
[EventRounds "9"]
[EventCountry "CZE"]

1. b3 {[%emt 0:00:07]} e5 {[%emt 0:03:05]} 2. Bb2 {[%emt 0:00:19]} d6 {[%emt 0:00:09]} 3. e3 {[%emt 0:10:10]} Be6 {[%emt 0:02:25]} 4. Nf3 {[%emt 0:08:51]} c6 {[%emt 0:02:27]} 5. c4 {[%emt 0:05:59]} f5 {[%emt 0:03:51]} 6. d4 {[%emt 0:11:00]} e4 {[%emt 0:01:43]} 7. d5 {[%emt 0:00:27]} exf3 {[%emt 0:11:52]} 8. dxe6 {[%emt 0:00:33]} fxg2 {[%emt 0:00:37]} 9. Bxg2 {[%emt 0:00:25]} Qe7 {[%emt 0:05:06]} 10. Qc2 {[%emt 0:16:02]} Qxe6 {[%emt 0:11:16]} 11. Nc3 {[%emt 0:02:01]} Qf7 {[%emt 0:08:31]} 12. O-O-O {[%emt 0:04:07]} Nd7 {[%emt 0:03:05]} 13. Bh3 {[%emt 0:21:53]} Nh6 {[%emt 0:08:07]} 14. e4 {[%emt 0:01:03]} fxe4 {[%emt 0:04:46]} 15. Nxe4 {[%emt 0:00:53]} Qf4+ {[%emt 0:01:16]} 16. Kb1 {[%emt 0:04:56]} O-O-O {[%emt 0:02:47]} 17. Rhg1 {[%emt 0:07:59]} Qxh2 {[%emt 0:23:34]} 18. Rg3 {[%emt 0:04:22]} Kb8 {[%emt 0:05:06]} 19. Ng5 {[%emt 0:01:02]} Be7 {[%emt 0:04:29]} 20. Nf3 {[%emt 0:02:03]} Qxg3 {[%emt 0:00:42]} 21. fxg3 {[%emt 0:00:07]} Bf6 {[%emt 0:00:11]} 22. Rxd6 {[%emt 0:00:51]} Bxb2 {[%emt 0:00:14]} 1-0

[Event "31st Klatovy A 2025"]
[Site "Klatovy CZE"]
[Date "2025.07.01"]
[Round "4.15"]
[White "Krivka, Matej"]
[Black "Stein, Michael 2009"]
[Result "0-1"]
[WhiteElo "2000"]
[BlackElo "2095"]
[PlyCount "116"]
[EventDate "2025.06.28"]
[EventType "swiss"]
[EventRounds "9"]
[EventCountry "CZE"]

1. e4 {[%emt 0:00:02]} e6 {[%emt 0:00:06]} 2. d4 {[%emt 0:00:05]} d5 {[%emt 0:00:02]} 3. Nc3 {[%emt 0:00:09]} Bb4 {[%emt 0:00:06]} 4. Nge2 {[%emt 0:00:07]} dxe4 {[%emt 0:00:08]} 5. a3 {[%emt 0:00:10]} Bxc3+ {[%emt 0:00:06]} 6. Nxc3 {[%emt 0:00:09]} Nc6 {[%emt 0:00:04]} 7. Bb5 {[%emt 0:00:14]} Nge7 {[%emt 0:00:09]} 8. Be3 {[%emt 0:01:15]} O-O {[%emt 0:01:57]} 9. Qd2 {[%emt 0:01:26]} f5 {[%emt 0:03:30]} 10. O-O-O {[%emt 0:03:05]} Nd5 {[%emt 0:03:53]} 11. Nxd5 {[%emt 0:05:51]} exd5 {[%emt 0:02:12]} 12. Bxc6 {[%emt 0:00:50]} bxc6 {[%emt 0:00:12]} 13. Bf4 {[%emt 0:01:55]} a5 {[%emt 0:07:13]} 14. a4 {[%emt 0:13:30]} Be6 {[%emt 0:12:52]} 15. h4 {[%emt 0:04:20]} Qe7 {[%emt 0:09:10]} 16. Qc3 {[%emt 0:09:46]} Ra6 {[%emt 0:02:01]} 17. Rh3 {[%emt 0:02:40]} Rf7 {[%emt 0:12:38]} 18. h5 {[%emt 0:07:52]} Qf8 {[%emt 0:19:26]} 19. Rg3 {[%emt 0:09:31]} Rd7 {[%emt 0:06:24]} 20. Kb1 {[%emt 0:23:51]} Qe7 {[%emt 0:05:30]} 21. Be5 {[%emt 0:11:04]} Qh4 {[%emt 0:07:14]} 22. h6 {[%emt 0:04:27]} g6 {[%emt 0:06:09]} 23. Qe3 {[%emt 0:07:50]} Rf7 {[%emt 0:02:41]} 24. Qf4 {[%emt 0:03:25]} Qxf4 {[%emt 0:01:48]} 25. Bxf4 {[%emt 0:00:06]} Kf8 {[%emt 0:03:23]} 26. Rb3 {[%emt 0:03:57]} Rb6 {[%emt 0:05:13]} 27. g3 {[%emt 0:01:58]} Ke8 {[%emt 0:01:26]} 28. Rc3 {[%emt 0:00:48]} Kd7 {[%emt 0:00:35]} 29. Rc5 {[%emt 0:00:25]} Ra6 {[%emt 0:02:15]} 30. Ka2 {[%emt 0:01:25]} Rf8 {[%emt 0:00:42]} 31. Ka3 {[%emt 0:01:45]} Bf7 {[%emt 0:02:28]} 32. Re1 {[%emt 0:01:44]} Rg8 {[%emt 0:00:43]} 33. Bg5 {[%emt 0:02:39]} Be6 {[%emt 0:01:26]} 34. c3 {[%emt 0:02:25]} Rga8 {[%emt 0:01:26]} 35. Kb3 {[%emt 0:02:34]} Bf7 {[%emt 0:01:21]} 36. Kc2 {[%emt 0:00:14]} Rb6 {[%emt 0:01:15]} 37. Ra1 {[%emt 0:00:28]} Rba6 {[%emt 0:00:48]} 38. Kd2 {[%emt 0:01:57]} Rb6 {[%emt 0:00:47]} 39. Rb1 {[%emt 0:00:36]} Rb3 {[%emt 0:00:58]} 40. Ke3 {[%emt 0:01:09]} Rb7 {[%emt 0:02:45]} 41. Kf4 {[%emt 0:00:21]} Kd6 {[%emt 0:00:15]} 42. Bf6 {[%emt 0:00:53]} Ra6 {[%emt 0:01:28]} 43. Be5+ {[%emt 0:01:09]} Ke7 {[%emt 0:00:25]} 44. Bg7 {[%emt 0:01:20]} Ke6 {[%emt 0:01:49]} 45. b4 {[%emt 0:00:48]} Be8 {[%emt 0:00:25]} 46. b5 {[%emt 0:01:05]} cxb5 {[%emt 0:01:41]} 47. axb5 {[%emt 0:00:07]} Rab6 {[%emt 0:00:07]} 48. c4 {[%emt 0:00:51]} dxc4 {[%emt 0:01:07]} 49. Rxc4 {[%emt 0:00:50]} Rxb5 {[%emt 0:00:55]} 50. Rbc1 {[%emt 0:00:25]} c6 {[%emt 0:00:32]} 51. Be5 {[%emt 0:00:44]} Ra7 {[%emt 0:00:43]} 52. Kg5 {[%emt 0:00:26]} a4 {[%emt 0:00:54]} 53. Rxc6+ {[%emt 0:00:15]} Bxc6 {[%emt 0:00:44]} 54. Rxc6+ {[%emt 0:00:04]} Kd5 {[%emt 0:00:51]} 55. Rd6+ {[%emt 0:00:39]} Kc4 {[%emt 0:00:04]} 56. Rc6+ {[%emt 0:00:10]} Kd3 {[%emt 0:00:36]} 57. Bg7 {[%emt 0:00:55]} a3 {[%emt 0:00:50]} 58. Bf8 {[%emt 0:00:22]} a2 {[%emt 0:00:38]} 0-1

[Event "31st Klatovy A 2025"]
[Site "Klatovy CZE"]
[Date "2025.07.01"]
[Round "4.16"]
[White "Palek, Miroslav"]
[Black "Petrasek, Jiri"]
[Result "1-0"]
[WhiteElo "2046"]
[BlackElo "1919"]
[PlyCount "99"]
[EventDate "2025.06.28"]
[EventType "swiss"]
[EventRounds "9"]
[EventCountry "CZE"]

1. e4 {[%emt 0:00:36]} e5 {[%emt 0:00:06]} 2. Nf3 {[%emt 0:00:31]} Nf6 {[%emt 0:00:10]} 3. Nc3 {[%emt 0:01:11]} Bb4 {[%emt 0:00:18]} 4. d3 {[%emt 0:05:34]} d5 {[%emt 0:00:46]} 5. Bd2 {[%emt 0:01:42]} d4 {[%emt 0:02:43]} 6. Ne2 {[%emt 0:00:52]} Bxd2+ {[%emt 0:00:11]} 7. Qxd2 {[%emt 0:00:08]} Qd6 {[%emt 0:02:01]} 8. g3 {[%emt 0:01:32]} h6 {[%emt 0:06:02]} 9. Bg2 {[%emt 0:00:39]} c5 {[%emt 0:01:10]} 10. O-O {[%emt 0:01:55]} Nc6 {[%emt 0:05:32]} 11. Ne1 {[%emt 0:04:54]} O-O {[%emt 0:10:27]} 12. h3 {[%emt 0:01:18]} b5 {[%emt 0:03:20]} 13. f4 {[%emt 0:02:24]} Rb8 {[%emt 0:10:53]} 14. Nf3 {[%emt 0:05:23]} Rd8 {[%emt 0:14:48]} 15. fxe5 {[%emt 0:06:02]} Nxe5 {[%emt 0:00:09]} 16. Nf4 {[%emt 0:01:57]} Nxf3+ {[%emt 0:05:23]} 17. Rxf3 {[%emt 0:01:15]} Nd7 {[%emt 0:02:07]} 18. Raf1 {[%emt 0:01:00]} Ne5 {[%emt 0:02:18]} 19. R3f2 {[%emt 0:00:23]} Rb7 {[%emt 0:05:00]} 20. Nd5 {[%emt 0:02:40]} Qg6 {[%emt 0:02:07]} 21. Qf4 {[%emt 0:07:04]} Re8 {[%emt 0:01:07]} 22. Rd2 {[%emt 0:05:00]} Qh5 {[%emt 0:11:48]} 23. Qf2 {[%emt 0:10:33]} a5 {[%emt 0:05:47]} 24. c3 {[%emt 0:01:02]} Qg5 {[%emt 0:01:34]} 25. Nf4 {[%emt 0:01:38]} Rd8 {[%emt 0:04:09]} 26. Rc1 {[%emt 0:02:46]} Qf6 {[%emt 0:07:14]} 27. cxd4 {[%emt 0:01:38]} cxd4 {[%emt 0:00:15]} 28. Nd5 {[%emt 0:02:24]} Qxf2+ {[%emt 0:00:41]} 29. Kxf2 {[%emt 0:00:06]} Be6 {[%emt 0:01:45]} 30. Ke2 {[%emt 0:00:26]} Rdb8 {[%emt 0:04:22]} 31. Rdc2 {[%emt 0:01:54]} Kf8 {[%emt 0:00:58]} 32. Rc5 {[%emt 0:00:41]} f6 {[%emt 0:01:47]} 33. a3 {[%emt 0:03:01]} Bd7 {[%emt 0:03:27]} 34. Kd2 {[%emt 0:01:56]} Ke8 {[%emt 0:01:05]} 35. Nf4 {[%emt 0:02:01]} Rb6 {[%emt 0:02:47]} 36. Ne2 {[%emt 0:00:33]} Rd6 {[%emt 0:04:21]} 37. Rd5 {[%emt 0:01:28]} Rxd5 {[%emt 0:00:11]} 38. exd5 {[%emt 0:00:06]} Bf5 {[%emt 0:00:16]} 39. Nxd4 {[%emt 0:00:57]} Bxd3 {[%emt 0:00:17]} 40. Rc7 {[%emt 0:01:10]} g5 {[%emt 0:00:24]} 41. Nc6 {[%emt 0:01:40]} Nxc6 {[%emt 0:00:41]} 42. dxc6 {[%emt 0:00:10]} Bf5 {[%emt 0:00:34]} 43. g4 {[%emt 0:02:59]} Rd8+ {[%emt 0:00:53]} 44. Ke3 {[%emt 0:00:59]} Bc8 {[%emt 0:01:52]} 45. Rh7 {[%emt 0:00:28]} f5 {[%emt 0:00:48]} 46. gxf5 {[%emt 0:01:42]} Bxf5 {[%emt 0:00:19]} 47. Rxh6 {[%emt 0:00:48]} Rd3+ {[%emt 0:00:34]} 48. Ke2 {[%emt 0:00:10]} Kd8 {[%emt 0:00:15]} 49. Rf6 {[%emt 0:00:35]} Bh7 {[%emt 0:00:34]} 50. Rf8+ {[%emt 0:00:12]} 1-0

[Event "31st Klatovy A 2025"]
[Site "Klatovy CZE"]
[Date "2025.07.01"]
[Round "4.17"]
[White "Gernert, Tomas"]
[Black "Andrle, Filip"]
[Result "0-1"]
[WhiteElo "1794"]
[BlackElo "2019"]
[PlyCount "70"]
[EventDate "2025.06.28"]
[EventType "swiss"]
[EventRounds "9"]
[EventCountry "CZE"]

1. e4 {[%emt 0:00:02]} c5 {[%emt 0:03:48]} 2. c3 {[%emt 0:00:04]} e5 {[%emt 0:00:08]} 3. Nf3 {[%emt 0:00:41]} Nc6 {[%emt 0:00:08]} 4. Bc4 {[%emt 0:01:52]} Be7 {[%emt 0:00:53]} 5. O-O {[%emt 0:00:38]} Nf6 {[%emt 0:00:31]} 6. Re1 {[%emt 0:00:36]} O-O {[%emt 0:00:41]} 7. d4 {[%emt 0:01:51]} d6 {[%emt 0:00:35]} 8. h3 {[%emt 0:00:58]} a6 {[%emt 0:01:04]} 9. a4 {[%emt 0:01:36]} Rb8 {[%emt 0:06:04]} 10. Na3 {[%emt 0:03:44]} Qc7 {[%emt 0:05:03]} 11. d5 {[%emt 0:11:15]} Na5 {[%emt 0:00:52]} 12. Bf1 {[%emt 0:00:17]} c4 {[%emt 0:04:20]} 13. Nd2 {[%emt 0:02:15]} b5 {[%emt 0:15:56]} 14. axb5 {[%emt 0:00:56]} axb5 {[%emt 0:00:11]} 15. Nc2 {[%emt 0:00:29]} Nd7 {[%emt 0:07:39]} 16. Nb4 {[%emt 0:04:38]} Nc5 {[%emt 0:05:54]} 17. Rxa5 {[%emt 0:03:56]} Qxa5 {[%emt 0:00:09]} 18. Nc6 {[%emt 0:00:10]} Qc7 {[%emt 0:00:09]} 19. Nxb8 {[%emt 0:00:08]} Qxb8 {[%emt 0:00:08]} 20. b4 {[%emt 0:07:16]} cxb3 {[%emt 0:08:11]} 21. Nxb3 {[%emt 0:00:12]} Na4 {[%emt 0:01:20]} 22. Qd3 {[%emt 0:08:46]} f5 {[%emt 0:16:31]} 23. Na5 {[%emt 0:12:01]} fxe4 {[%emt 0:09:06]} 24. Qg3 {[%emt 0:02:50]} Bd7 {[%emt 0:12:35]} 25. Rxe4 {[%emt 0:03:47]} Qc7 {[%emt 0:03:52]} 26. Bh6 {[%emt 0:03:37]} Bf6 {[%emt 0:01:06]} 27. Nc6 {[%emt 0:02:28]} Bxc6 {[%emt 0:02:15]} 28. dxc6 {[%emt 0:00:07]} Kh8 {[%emt 0:03:55]} 29. Bg5 {[%emt 0:03:05]} Qxc6 {[%emt 0:02:38]} 30. Bxf6 {[%emt 0:01:05]} Rxf6 {[%emt 0:00:56]} 31. Qg4 {[%emt 0:02:48]} Nxc3 {[%emt 0:08:37]} 32. Bxb5 {[%emt 0:01:28]} Qc5 {[%emt 0:00:41]} 33. Rc4 {[%emt 0:01:29]} Qxf2+ {[%emt 0:00:46]} 34. Kh2 {[%emt 0:00:08]} Nxb5 {[%emt 0:02:08]} 35. Rc8+ {[%emt 0:01:05]} Rf8 {[%emt 0:00:09]} 0-1

[Event "31st Klatovy A 2025"]
[Site "Klatovy CZE"]
[Date "2025.07.01"]
[Round "4.18"]
[White "Vysinsky, Otakar"]
[Black "Lhotsky, Zdenek"]
[Result "0-1"]
[WhiteElo "2116"]
[BlackElo "1907"]
[PlyCount "78"]
[EventDate "2025.06.28"]
[EventType "swiss"]
[EventRounds "9"]
[EventCountry "CZE"]

1. e4 {[%emt 0:00:19]} c5 {[%emt 0:00:21]} 2. Nc3 {[%emt 0:00:07]} a6 {[%emt 0:00:30]} 3. g3 {[%emt 0:00:48]} b5 {[%emt 0:00:50]} 4. Bg2 {[%emt 0:00:09]} Bb7 5. d3 {[%emt 0:00:10]} e6 {[%emt 0:02:52]} 6. Nf3 {[%emt 0:00:11]} g6 {[%emt 0:04:28]} 7. O-O {[%emt 0:01:03]} Bg7 {[%emt 0:00:54]} 8. Be3 {[%emt 0:01:57]} d6 {[%emt 0:03:46]} 9. e5 {[%emt 0:07:09]} Ne7 {[%emt 0:03:59]} 10. exd6 {[%emt 0:09:20]} Qxd6 {[%emt 0:00:25]} 11. Ne4 {[%emt 0:00:12]} Bxe4 {[%emt 0:09:26]} 12. dxe4 {[%emt 0:00:02]} Qc7 {[%emt 0:04:24]} 13. Qc1 {[%emt 0:03:04]} Nd7 {[%emt 0:01:57]} 14. Bh6 {[%emt 0:02:49]} O-O {[%emt 0:01:56]} 15. h4 {[%emt 0:04:57]} Ne5 {[%emt 0:06:15]} 16. h5 {[%emt 0:12:03]} N7c6 {[%emt 0:05:25]} 17. Bxg7 {[%emt 0:09:56]} Kxg7 {[%emt 0:00:38]} 18. Nxe5 {[%emt 0:06:19]} Qxe5 {[%emt 0:01:56]} 19. hxg6 {[%emt 0:05:43]} hxg6 {[%emt 0:00:17]} 20. c3 {[%emt 0:00:49]} Rad8 {[%emt 0:03:34]} 21. f4 {[%emt 0:05:13]} Qh5 {[%emt 0:02:01]} 22. Bf3 {[%emt 0:09:57]} Qh3 {[%emt 0:02:49]} 23. Kf2 {[%emt 0:01:12]} Qh2+ {[%emt 0:00:23]} 24. Bg2 {[%emt 0:00:20]} Rd3 {[%emt 0:00:15]} 25. Rh1 {[%emt 0:02:49]} Qxg3+ {[%emt 0:00:46]} 26. Kg1 {[%emt 0:01:36]} Rfd8 {[%emt 0:04:48]} 27. Rh3 {[%emt 0:01:14]} Qg4 {[%emt 0:00:32]} 28. Rxd3 {[%emt 0:00:13]} Rxd3 {[%emt 0:00:02]} 29. Qc2 {[%emt 0:01:24]} Re3 {[%emt 0:09:38]} 30. Qf2 {[%emt 0:01:37]} Re2 {[%emt 0:00:15]} 31. Qf1 {[%emt 0:00:17]} Rxb2 {[%emt 0:01:23]} 32. Rd1 {[%emt 0:01:44]} Na5 {[%emt 0:01:34]} 33. Rd3 {[%emt 0:02:30]} Nc4 {[%emt 0:00:30]} 34. f5 {[%emt 0:00:50]} exf5 {[%emt 0:03:41]} 35. exf5 {[%emt 0:00:23]} gxf5 {[%emt 0:00:48]} 36. Kh1 {[%emt 0:01:24]} f4 {[%emt 0:02:53]} 37. Bh3 {[%emt 0:00:54]} Qg5 {[%emt 0:02:28]} 38. Rd7 {[%emt 0:04:11]} Nd2 {[%emt 0:04:48]} 39. Qf2 {[%emt 0:01:29]} Rb1+ {[%emt 0:00:16]} 0-1

[Event "31st Klatovy A 2025"]
[Site "Klatovy CZE"]
[Date "2025.07.01"]
[Round "4.19"]
[White "Martinkovic, Adam"]
[Black "Honcharov, Makar"]
[Result "1-0"]
[WhiteElo "1921"]
[BlackElo "2099"]
[PlyCount "91"]
[EventDate "2025.06.28"]
[EventType "swiss"]
[EventRounds "9"]
[EventCountry "CZE"]

1. d4 Nf6 2. c4 g6 3. Nc3 Bg7 4. e4 d6 5. Nf3 O-O 6. Be2 e5 7. O-O Na6 8. Rb1 Re8 9. dxe5 dxe5 10. b4 Bg4 11. Nd2 Bxe2 12. Qxe2 c6 13. c5 Qd4 14. Nf3 Qd7 15. Rd1 Qc8 16. Na4 Nc7 17. Nb2 Nb5 18. Rd3 Nd5 19. Bd2 Nf4 20. Bxf4 exf4 21. e5 Qf5 22. Re1 g5 23. Nc4 g4 24. Nd4 Qg6 25. a4 Nxd4 26. Rxd4 f3 27. Qd3 Qg5 28. Qd2 Qh5 29. Qf4 f5 30. Rd7 Bh6 31. Qd4 fxg2 32. e6 f4 33. Qe4 Bg5 34. Qe5 Qh6 35. Nd6 Bf6 36. Nf7 Qg6 37. Qxf4 h5 38. Nd6 Rf8 39. Rf7 h4 40. Kxg2 Bc3 41. Rxf8+ Rxf8 42. Qxf8+ Kxf8 43. e7+ Kg7 44. e8=Q Bxe1 45. Qxe1 Qg5 46. Qe4 1-0

[Event "31st Klatovy A 2025"]
[Site "Klatovy CZE"]
[Date "2025.07.01"]
[Round "4.20"]
[White "Strnad, Jakub"]
[Black "Slivova, Linda"]
[Result "1/2-1/2"]
[WhiteElo "1993"]
[BlackElo "1862"]
[PlyCount "72"]
[EventDate "2025.06.28"]
[EventType "swiss"]
[EventRounds "9"]
[EventCountry "CZE"]

1. e4 c6 2. d4 d5 3. e5 Bf5 4. Bd3 Bxd3 5. Qxd3 Qa5+ 6. c3 Qa6 7. Qf3 e6 8. Ne2 Nd7 9. O-O c5 10. Re1 Ne7 11. Nd2 Nc6 12. Qg3 cxd4 13. Nxd4 Nc5 14. N2f3 Nd3 15. Rd1 Nxc1 16. Rdxc1 g6 17. Ng5 Nd8 18. h4 Bg7 19. h5 Qb6 20. Qf4 Qc7 21. Re1 a6 22. Rad1 h6 23. Nh3 g5 24. Qg3 Nc6 25. f4 O-O-O 26. b4 Rhg8 27. Nxc6 Qxc6 28. fxg5 hxg5 29. Qxg5 Bh8 30. Qd2 Rg3 31. c4 Kb8 32. Qf2 Rdg8 33. cxd5 exd5 34. Rc1 Rc3 35. Rxc3 Qxc3 36. Re3 Qa1+ 1/2-1/2

[Event "31st Klatovy A 2025"]
[Site "Klatovy CZE"]
[Date "2025.07.01"]
[Round "4.21"]
[White "Bobrakov Timoskin, Alexandr 1978"]
[Black "Rudlof, Adam"]
[Result "1/2-1/2"]
[WhiteElo "1868"]
[BlackElo "1992"]
[PlyCount "126"]
[EventDate "2025.06.28"]
[EventType "swiss"]
[EventRounds "9"]
[EventCountry "CZE"]

1. d4 Nf6 2. c4 g6 3. Nf3 Bg7 4. Nc3 O-O 5. e4 d6 6. Be2 Nbd7 7. O-O e5 8. d5 Nc5 9. Qc2 a5 10. Ne1 Ne8 11. Nd3 Nxd3 12. Qxd3 f5 13. Bd2 Nf6 14. f3 f4 15. b4 axb4 16. Nb5 Rf7 17. Bxb4 Bf8 18. Be1 g5 19. Qc2 Rg7 20. Bf2 g4 21. fxg4 Nxg4 22. Bf3 Qg5 23. Kh1 Qh6 24. Bg1 Nf6 25. Qe2 c6 26. Nc3 Bg4 27. Nd1 Nh5 28. Bf2 Bxf3 29. gxf3 Ra3 30. Rg1 Ng3+ 31. Bxg3 fxg3 32. Rg2 Qh5 33. Ne3 gxh2 34. Rxh2 Qg5 35. Nf5 Rg6 36. Rf1 Rc3 37. Rg2 Qxg2+ 38. Qxg2 Rxg2 39. Kxg2 Rxc4 40. dxc6 Rxc6 41. Rb1 b6 42. Rb2 Kf7 43. Kg3 Ke6 44. Rh2 Rc7 45. Rb2 Rb7 46. a4 d5 47. a5 Bc5 48. axb6 Rxb6 49. Rh2 d4 50. Rxh7 d3 51. f4 d2 52. Rh1 Rb3+ 53. Kg4 Rb4 54. Kf3 Rc4 55. Rd1 Bb4 56. Ne3 Rc1 57. f5+ Kf6 58. Ke2 Kg5 59. Nf1 Rc4 60. Kd3 Rc1 61. Ke2 Kf4 62. Nxd2 Bxd2 63. Rxd2 Rc4 1/2-1/2

[Event "31st Klatovy A 2025"]
[Site "Klatovy CZE"]
[Date "2025.07.01"]
[Round "4.22"]
[White "Svadlenka, Michal"]
[Black "Rezac, Jindrich"]
[Result "1-0"]
[WhiteElo "1932"]
[BlackElo "1849"]
[PlyCount "127"]
[EventDate "2025.06.28"]
[EventType "swiss"]
[EventRounds "9"]
[EventCountry "CZE"]

1. e4 d5 2. exd5 Qxd5 3. Nc3 Qa5 4. d4 Nf6 5. Nf3 Bg4 6. Be2 c6 7. O-O e6 8. h3 Bxf3 9. Bxf3 Be7 10. Bf4 O-O 11. Ne4 Nxe4 12. Bxe4 Nd7 13. Re1 Nf6 14. Bf3 Rfd8 15. c4 Bd6 16. Bd2 Qc7 17. Qc2 Rac8 18. Rad1 Be7 19. Bc3 b6 20. Qe2 Re8 21. b4 h6 22. a4 Rcd8 23. Qe5 Bd6 24. Qe3 Be7 25. Rb1 Rc8 26. Rb3 Rcd8 27. Bb2 Rc8 28. Ba3 Rcd8 29. Rc3 Rc8 30. Rcc1 Qd7 31. Red1 Kh8 32. b5 Bxa3 33. Qxa3 cxb5 34. axb5 Qe7 35. Qa4 Rc7 36. Bc6 Rd8 37. Ra1 Kg8 38. Qa3 Qxa3 39. Rxa3 Ne8 40. Kf1 Nd6 41. Ra4 Nf5 42. d5 exd5 43. cxd5 Nd6 44. Ke2 Re7+ 45. Kf3 Rc8 46. Rd3 Rcc7 47. Re3 Kf8 48. g4 g6 49. h4 f5 50. h5 g5 51. gxf5 Nxf5 52. Rd3 Nd6 53. Kg3 Rf7 54. f4 Rf5 55. Rda3 Nc8 56. Re3 Nd6 57. Re6 gxf4+ 58. Rxf4 Rg7+ 59. Kf3 Rxf4+ 60. Kxf4 Rf7+ 61. Ke5 Nc4+ 62. Kd4 Rf4+ 63. Kd3 Kg7 64. d6 1-0

[Event "31st Klatovy A 2025"]
[Site "Klatovy CZE"]
[Date "2025.07.01"]
[Round "4.23"]
[White "Hronik, Petr 1980"]
[Black "Hurtak, Otto"]
[Result "0-1"]
[WhiteElo "1905"]
[BlackElo "1931"]
[PlyCount "80"]
[EventDate "2025.06.28"]
[EventType "swiss"]
[EventRounds "9"]
[EventCountry "CZE"]

1. d4 Nc6 2. Nf3 d6 3. c3 Nf6 4. Bf4 g6 5. e3 Bg7 6. Bc4 O-O 7. h3 Ne4 8. Nbd2 Nxd2 9. Qxd2 a6 10. e4 e5 11. Bh6 Qe8 12. Bxg7 Kxg7 13. d5 Ne7 14. g4 Rh8 15. O-O-O Bd7 16. Rdg1 h5 17. gxh5 Rxh5 18. Be2 Qh8 19. h4 Qh6 20. Qxh6+ Rxh6 21. Kd2 Rah8 22. c4 Ng8 23. h5 Rxh5 24. Rxh5 Rxh5 25. Ne1 Rh2 26. Rg2 Rxg2 27. Nxg2 Nf6 28. f3 Nh5 29. Ke3 Bh3 30. Ne1 Nf4 31. Bd1 Ng2+ 32. Nxg2 Bxg2 33. Kf2 Bh3 34. Be2 a5 35. a4 Kf6 36. Kg3 Bd7 37. b3 Kg5 38. Bf1 f5 39. Bg2 fxe4 40. fxe4 Bg4 0-1